000
00361nam a2200169Ia 4500
100
_a
Shibu/K.V
650
_a
Embedded systems
942
_c
BK
366
_f
25
654
_a
embedded systems
245
_a
Introduction to embedded systems
260
_b
McGraw Hill
_c
2009
082
_a
3.3
_b
SHI
300
_a
716
546
_a
ENGLISH
_c
TTL
999
_c
34652
_d
34652